| 000 | 00571nam a22002177a 4500 | ||
|---|---|---|---|
| 001 | 0074 | ||
| 003 | DO-SdBNP | ||
| 005 | 20151013153623.0 | ||
| 007 | 0074 | ||
| 008 | 151013b sp 19uu xxu||||| |||| 00| 0 spa d | ||
| 020 | _a9788427201385 | ||
| 040 |
_aBPMSU _bspa _cBPMSU |
||
| 092 |
_axxxxxxx _bxxxxxxxx |
||
| 100 | 1 | 0 | _aChristie, Agatha |
| 245 | 0 | 0 |
_aSangre en la piscina / _cAgatha Christie |
| 300 |
_a270 p. : _c17 cm. |
||
| 490 | 1 | 0 |
_aSelecciones de bibliotecaoro _v138 |
| 830 | 0 | 0 |
_aSelecciones de biblioteca oro _n138 |
| 942 |
_2ddc _cBK |
||
| 956 | _aBrenda Tavárez | ||
| 999 |
_c8375 _d8375 |
||